From empire to republic : Turkish nationalism and the Armenian genocide
Αποθηκεύτηκε σε:
| Κύριος συγγραφέας: | |
|---|---|
| Μορφή: | Βιβλίο |
| Γλώσσα: | English |
| Δημοσίευση: |
London : New York,NY :
Zed Books, Distributed in the USA by Palgrave Macmillan,
2004
|
| Θέματα: | |
| Ετικέτες: |
Προσθήκη ετικέτας
Δεν υπάρχουν, Καταχωρήστε ετικέτα πρώτοι!
|
MARC
| LEADER | 00000nam a2200000 i 4500 | ||
|---|---|---|---|
| 001 | 1/92159 | ||
| 008 | 080821s2004 eng d | ||
| 020 | |a 978-1-84277-527-1 (pbk.) | ||
| 035 | |l 10099509 | ||
| 040 | |a GR-MY-UA |b gre |e aacr | ||
| 041 | 0 | |a eng | |
| 082 | 0 | |a 956.62023 |2 (22) | |
| 100 | 1 | |a Akcam, Taner |d 1953- | |
| 245 | 1 | 0 | |a From empire to republic : |b Turkish nationalism and the Armenian genocide / |c Taner Akcam |
| 260 | |a London : |a New York,NY : |b Zed Books, |b Distributed in the USA by Palgrave Macmillan, |c 2004 | ||
| 300 | |a xii, 273 σ.; |c 22 εκ. | ||
| 504 | |a Βιβλιογραφία: σ. 254-264 | ||
| 504 | |a Ευρετήριο: σ. 265-273 | ||
| 650 | 0 | 0 | |a Armenian massacres, 1915-1923. |
| 650 | 0 | 0 | |a Nationalism |z Turkey |x History |y 20th century. |
| 651 | 0 | |a Turkey |x History |y 20th century. | |
| 852 | |a INST |b LESVOS |e 20080821 |h 956.62023 AKC |p 005100042131 |q 005100042131 |t BK |y 0 | ||
| 901 | |a BIBL1-2008-2 | ||
| 909 | |a Λ |b 145284 | ||
| 922 | |a 1ΕΛΗ |b 200801 |c ΕΠΕΑΕΚ2/ΤΚΑ |d ΕΛΕΥΘΕΡΟΥΔΑΚΗΣ | ||
| 970 | |a ΓΙΑΛΑΜΑ |b ΜΑΡΙΑ |z 2008/08/21 | ||